Library Banner

Noval ki tareekh aur tanqeed (ناول کی تاریخ اور تنقید) (Record no. 109149)

MARC details
000 -LEADER
fixed length control field 00457nam a22001457a 4500
005 - DATE AND TIME OF LATEST TRANSACTION
control field 20181129102421.0
008 - FIXED-LENGTH DATA ELEMENTS--GENERAL INFORMATION
fixed length control field 181129b ||||| |||| 00| 0 eng d
040 ## - CATALOGING SOURCE
Transcribing agency PK-LaUMT
082 ## - DEWEY DECIMAL CLASSIFICATION NUMBER
Classification number RHC 891.439309
Item number ALI-N
100 ## - MAIN ENTRY--PERSONAL NAME
Personal name Ali abbas Hussaini
245 ## - TITLE STATEMENT
Title Noval ki tareekh aur tanqeed (ناول کی تاریخ اور تنقید)
Statement of responsibility, etc Ali abbas Hussaini
260 ## - PUBLICATION, DISTRIBUTION, ETC. (IMPRINT)
Place of publication, distribution, etc علی گڑھ:
Name of publisher, distributor, etc ایجوکیشنل بک ہاوس
Date of publication, distribution, etc 1990
300 ## - PHYSICAL DESCRIPTION
Extent 384
942 ## - ADDED ENTRY ELEMENTS (KOHA)
Koha item type Books
Holdings
Withdrawn status Lost status Damaged status Home library Current library Date acquired Full call number Barcode Date last seen Price effective from Koha item type
      UMT Main Campus UMT Main Campus 2018-11-29 RHC 891.439309 ALI-N 126720 2018-11-29 2018-11-29 Books